Get the Picture: Vader or Voldemort Quiz Stats

 Plays Quiz Updated May 16, 2019

Score 0/20 Timer 03:00
0 Plays Today
Question Answer Wrong Answers
“Only I can live forever.” Lord Voldemort
87.8%
Darth Vader
5.4%
“When I left you, I was but the learner. Now I am the master.” Darth Vader
80.3%
Lord Voldemort
12.6%
“You've been taught how to duel, I presume?” Lord Voldemort
80%
Darth Vader
13.1%
“I find your lack of faith disturbing.” Darth Vader
78.3%
Lord Voldemort
14.7%
“There is nothing worse than death.” Lord Voldemort
77.7%
Darth Vader
15.5%
“It is your destiny.” Darth Vader
75.9%
Lord Voldemort
17.1%
“They never learn. Such a pity.” Lord Voldemort
75.1%
Darth Vader
17.9%
“By which time I shall be gone, and you shall be dead.” Lord Voldemort
75%
Darth Vader
18.2%
“Don't make me destroy you.” Darth Vader
73.5%
Lord Voldemort
19.2%
“Where will he be taken, the boy?” Lord Voldemort
73.2%
Darth Vader
20.6%
“So, you have accepted the truth?” Darth Vader
72.8%
Lord Voldemort
20.3%
“I am altering the deal. Pray I don't alter it any further.” Darth Vader
71.9%
Lord Voldemort
21.6%
“No one will ever again question my powers.” Lord Voldemort
68.6%
Darth Vader
24%
“Your powers are weak, old man.” Darth Vader
67.7%
Lord Voldemort
25.5%
“There is no good and evil, there is only power and those too weak to seek it.” Lord Voldemort
66.3%
Darth Vader
27.1%
“That name no longer has any meaning for me.” Darth Vader
62.8%
Lord Voldemort
30.3%
“I don't need your help.” Lord Voldemort
59.8%
Darth Vader
33.4%
“Escape is not his plan. I must face him, alone.” Darth Vader
59.3%
Lord Voldemort
34.1%
“Confront your fate.” Lord Voldemort
46.7%
Darth Vader
46.9%
“Today will be a day long remembered.” Darth Vader
41.4%
Lord Voldemort
51.3%

Today's Daily Dose

Word Ladder
Soccer Snafu

Get the Picture
Explorers by Country

You're not logged in!

Compare scores with friends on all Sporcle quizzes.
OR
Log In

Show Comments

Extras

Top Quizzes Today


Score Distribution

Your Account Isn't Verified!

In order to create a playlist on Sporcle, you need to verify the email address you used during registration. Go to your Sporcle Settings to finish the process.

Report this User

Report this user for behavior that violates our Community Guidelines.

Details: